Croatian counties by highest point - Statistics

General Stats
  • This quiz has been taken 17 times
  • The average score is 14 of 21
Answer Stats
Rank Elevation (m) Name Answer % Correct
1 1831 Sinjal Šibensko-kninska
92%
11 1033 Sljeme Grad Zagreb
77%
3 1758 Vaganski vrh Ličko-senjska
77%
8 1234 Sveti Ilija Dubrovačko-neretvanska
69%
5 1533 Kula Karlovačka
69%
17 643 Vranilac Koprivničko-križevačka
69%
16 701 Petrov vrh Osječko-baranjska
69%
6 1533 Kula Primorsko-goranska
69%
19 616 Piramida Sisačko-moslavačka
69%
2 1762 Sveti Jure Splitsko-dalmatinska
69%
21 297 Liska Vukovarsko-srijemska
69%
4 1758 Vaganski vrh Zadarska
69%
18 618 Kapovac Brodsko-posavska
62%
7 1272 Veliki Planik Istarska
62%
9 1060 Ivanščica Krapinsko-zagorska
62%
20 344,4 Mohokos Međimurska
62%
10 1060 Ivanščica Varaždinska
62%
14 953,75 Papuk Virovitičko-podravska
62%
15 863 Crni vrh Bjelovarsko-bilogorska
54%
13 985 Brezovo polje Požeško-slavonska
54%
12 1006 Hranilovićev vrh Zagrebačka
54%
No matching quizzes found
Score Distribution
Percent of People with Each Score
Percentile by Number Answered
Your Score History
You have not taken this quiz